Adivina el actor por el personaje #2 - Estadísticas

Estadísticas generales
  • Esta prueba ha sido intentada 72 veces
  • La puntuación promedio es 9 de 16
Estadísticas de respuestas
Imagen Respuesta % Correcto
Ryan Goslin
88%
Johnny Depp
78%
Javier Bardem
73%
Timothée Chalamet
73%
Harrison Ford
71%
Cillian Murphy
69%
Robin Williams
69%
Adrien Brody
66%
Heath Ledger
64%
Bruce Willis
63%
Matthew McConaughey
53%
Liam Neeson
32%
Daniel Day-Lewis
22%
Vincent Cassel
22%
Henry Fonda
14%
Anthony Perkins
8%
No se encontraron pruebas coincidentes
Distribución de puntuación
Porcentaje de gente con cada puntuación
Porcentaje por número respondido
Historial de tus puntuaciones
No has intentado esta prueba.